| 000 | 01640cam a22004094i 4500 | ||
|---|---|---|---|
| 003 | PE-LiUPU | ||
| 005 | 20250731173233.0 | ||
| 008 | 150625s1985 sp r 000 0 spa d | ||
| 035 | _a(Sirsi) a34780 | ||
| 040 |
_aPE-LiUPU _bspa _cPE-LiUPU _erda |
||
| 082 | 0 | 4 |
_a262.5 _bE93 _221 |
| 100 | 1 |
_aEstrada, Juan, _eautor. |
|
| 245 | 1 | 3 |
_aLa iglesia : _bidentidad y cambio / _cJuan Estrada. |
| 264 | 1 |
_aMadrid : _bCristiandad, _c1985. |
|
| 300 |
_a302 págimas ; _c20 centimetros |
||
| 336 |
_atext _2rdacontent |
||
| 337 |
_aunmediated _2rdamedia |
||
| 338 |
_avolume _2rdacarrier |
||
| 505 | 0 | _aLa identidad de la iglesia -- definiciones tradicionales de la iglesia -- la eclesiología desde el vaticano II: las nuevas definiciones de la iglesia -- la crisis de identidad actual -- perspectivas de una teología del laicado -- teología del sacerdocio ministerial -- episcopado y primado -- veinte años después del concilio. | |
| 526 | _aSEG42 | ||
| 526 | _aSEG41 | ||
| 526 | _aSEG40 | ||
| 526 | _aSEG39 | ||
| 526 | _aP94 | ||
| 526 | _aP87 | ||
| 526 | _aP86 | ||
| 526 | _aP85 | ||
| 526 | _aP77 | ||
| 526 | _aP76 | ||
| 526 | _aP35 | ||
| 910 |
_bksl _cksl _d20190529 |
||
| 942 |
_2ddc _cBOOK |
||
| 949 |
_a262.5 E93 _wDEWEY _c1 _i25336 _lCCODEBUL1 _mBUL _p20.00 _r0 _sY _tBOOK _u2015-06-25 _xBIBLIOTECA _zUNKNOWN _0COMPRA _o.STAFF. Colección Teología |
||
| 596 | _a1 | ||
| 999 |
_a262.5 E93 _wDEWEY _c42674 _i25336 _d42674 _e2016-9-30 _f2021-11-12 _g6 _lCCODEBUL1 _mBUL _n1 _p20.00 _r0 _sY _tBOOK _u2015-6-25 _xTEOLOGIA _PP35 _0COMPRA _o.STAFF. Colección Teología |
||
| 980 |
_81 _gALBERTO SANCHEZ Responsable de Automatización |
||